| 000 | 01001cam a2200301 a 4500 | ||
|---|---|---|---|
| 001 | 000006400 | ||
| 003 | OSt | ||
| 005 | 20200929153927.0 | ||
| 008 | 810821s1980 mx b 001 0 spa | ||
| 020 | _a9682309956 | ||
| 040 |
_aDO-SdBNP _bspa _cBNPHU |
||
| 082 |
_a338.88 _bC352a |
||
| 100 | 1 |
_aCastillo Rivas, Donald. _917785 |
|
| 245 | 1 | 0 |
_aAcumulación de capital y empresas transnacionales en Centroamérica / _cDonald Castillo Rivas. |
| 260 |
_aMéxico : _bSiglo Veintiuno, _c1980. |
||
| 300 |
_a277 p. ; _c18 cm. |
||
| 490 | _aSociología y política ; | ||
| 504 | _aBibliografía : p. 269-277 | ||
| 586 | _aPremio Ensayo siglo XXI, 1980 | ||
| 590 | _aInventariado, 2020/ YL | ||
| 650 | 4 |
_aCompañías extranjeras _zAmérica Central _917786 |
|
| 650 | 4 |
_aEmpresas internacionales _zAmérica Central _917787 |
|
| 651 | 4 |
_aAmérica Central _xCondiciones Económicas _917788 |
|
| 830 | 0 |
_aSociología y política _917789 |
|
| 910 | _aEn proceso | ||
| 942 |
_2ddc _cLF1 |
||
| 956 | _aYLOCKWARD | ||
| 999 |
_c6195 _d6195 |
||